000
00254nam a22001097a 4500
999
_c
6049
_d
6049
245
_a
The Free Zone Act, 1995 (Act 504)
_c
by Republic of Ghana
246
_a
Act 504
300
_a
15p
440
_a
Acts of parliament
650
_a
Free zone Act
942
_c
REF